Diario del P. Manjón, 1895-1905 / (Record no. 171435)

MARC details
000 -LEADER
campo de control de longitud fija 00816nam a2200217 i 4500
001 - NÚMERO DE CONTROL
campo de control 171435
003 - IDENTIFICADOR DE NÚMERO DE CONTROL
campo de control ES-MaACL
005 - FECHA Y HORA DE LA ÚLTIMA TRANSACCIÓN
campo de control 20250930063149.0
008 - DATOS DE LONGITUD FIJA--INFORMACIÓN GENERAL
campo de control de longitud fija 090514s1973 sp |||| | spa d
020 ## - NÚMERO INTERNACIONAL ESTÁNDAR DEL LIBRO
Número Internacional Estándar del Libro 84-220-0652-9
100 1# - ENTRADA PRINCIPAL--NOMBRE DE PERSONA
Nombre de persona Manjón, Andrés,
Fechas asociadas al nombre 1846-1923
9 (RLIN) 76033
245 10 - MENCIÓN DEL TÍTULO
Título Diario del P. Manjón, 1895-1905 /
Mención de responsabilidad, etc. edición crítica preparada por José Manuel Prellezo García ; prólogo de Luis Sánchez Agesta.
260 ## - PUBLICACIÓN, DISTRIBUCIÓN, ETC.
Lugar de publicación, distribución, etc. Madrid :
Nombre del editor, distribuidor, etc. La Editorial Católica,
Fecha de publicación, distribución, etc. 1973.
300 ## - DESCRIPCIÓN FÍSICA
Extensión XXI, 1 h, 448 p., 1 h. ;
Dimensiones 20 cm.
490 1# - MENCIÓN DE SERIE
Mención de serie Biblioteca de autores cristianos ;
Designación de volumen o secuencia 348
700 1# - ENTRADA AGREGADA--NOMBRE PERSONAL
Nombre de persona Prellezo, José Manuel.
9 (RLIN) 93750
700 0# - ENTRADA AGREGADA--NOMBRE PERSONAL
Nombre de persona Sánchez Agesta, Luis.
9 (RLIN) 102435
830 00 - PUNTO DE ACCESO ADICIONAL DE SERIE-TÍTULO UNIFORME
Título uniforme Biblioteca de autores cristianos
Designación de volumen o secuencia 348
9 (RLIN) 178679
852 ## - LOCALIZACIÓN
Ubicación ES-MaACL
Número de control de estantería J-341
itemnumber R.46092
Holdings
Estatus retirado Estado de pérdida Estado de daño No para préstamo Biblioteca de origen Biblioteca actual Ubicación en estantería Fecha de adquisición Fuente de adquisición Total de préstamos Signatura topográfica completa Código de barras Visto por última vez Precio de reemplazo Tipo de ítem Koha
        Biblioteca del Ateneo de Madrid Biblioteca del Ateneo de Madrid Depósito 2 14/05/2009     J-341 1179912 23/02/2023 23/02/2023 Libro impreso